000 00756nam a2200253 i 4500
001 10234
003 ES-MaACL
005 20230906145838.0
007 t|
008 950323s1993 sp ||||1| spa d
020 _a84-7090-278-4
080 _a069.01
100 1 _aAlonso Fernández, Luis.
_920310
245 1 0 _aMuseología
_b: introducción a la teoría y práctica del museo /
_cLuis Alonso Fernández.
250 _a[1a ed.].
260 _aMadrid :
_bIstmo,
_cD.L. 1993.
300 _a424 p., LIV p. de lám. ;
_c21 cm.
490 1 _aFundamentos maior
504 _aBibliografía: p. 353-397.
650 1 4 _aMuseología.
_915362
830 0 _aFundamentos maior
_9178658
852 _aES-MaACL
_jL-17654
_bR.123253
999 _c10234
_d10234